Racionalizácia tvorby rozpočtu OÚNZ Rimavská Sobota záverečná práca postgraduálneho štúdia

Enregistré dans:
Détails bibliographiques
Auteur principal: Chudý, Miroslav
Collectivité auteur: Vysoká škola ekonomická v Bratislave
Autres auteurs: Medveď, Jozef
Format: Livre
Langue:slovaque
Publié: Bratislava 1990
Tags: Ajouter un tag
Pas de tags, Soyez le premier à ajouter un tag!

MARC

LEADER 00000nam a2200000 4500
001 c039050
005 20221215071343.2
041 0 |a slo 
044 |a SK 
245 1 0 |a Racionalizácia tvorby rozpočtu OÚNZ Rimavská Sobota  |b záverečná práca postgraduálneho štúdia  |c Miroslav Chudý ; Ved. práce Jozef Medveď 
264 1 |a Bratislava  |c 1990 
300 |a 55 s. 
100 1 |a Chudý, Miroslav 
700 1 |a Medveď, Jozef 
710 2 |a Vysoká škola ekonomická v Bratislave